000 01040nam a2200289Ia 4500
003 GCL
008 140319s9999 xx 000 0 ara d
040 _aGCL /
_cGCL
082 0 4 _a320.01
_bك ن
100 1 _aمالك فاضل البديرى
245 1 0 _aنشوء وسقوط القوى العظمى /
_cمالك فاضل البديرى
700 1 _aكيندى ,بول
260 _a[S.N] :
_bالاهلية للنشر والتوزيع ،
_c1994
300 _a823 ص
490 _a
650 0 4 _aالسياسة الدولية
650 0 4 _aالعلوم السياسية
650 0 4 _aالجغرافيا الاقتصادية
650 0 4 _aالمذاهب الاقتصادية
650 0 4 _aالجغرافيا السياسية
650 0 4 _aالقوى العظمى
650 0 4 _aالحرب الشاملة
650 0 4 _aالسوق الاوربية المشتركة
650 0 4 _aالحرب العالمية الاولى 1914- 1918
650 0 4 _aالحرب العالمية الثانية 1939 - 1945
942 _2ddc
_cBK
999 _c28033
_d28033